| 000 | 00515nam a22001817a 4500 | ||
|---|---|---|---|
| 003 | OSt | ||
| 005 | 20140310182953.0 | ||
| 008 | 130206t xxu||||| |||| 00| 0 eng d | ||
| 020 | _a971574026x | ||
| 050 |
_aLB 2157 _b.L321 1999 |
||
| 100 | _aLardizabal, Amparo S. | ||
| 245 |
_aTheory and practice in student teaching / _cAmparo S. Lardizabal and Milagros A. Campos. |
||
| 260 |
_aQuezon City : _b Katha Pub., _c1999. |
||
| 300 |
_a67 p ; _c26 cm. |
||
| 521 | _aEDU | ||
| 942 |
_2lcc _cBK _kLOC |
||
| 999 |
_c17948 _d17948 |
||